10 największych miast Danii - Statystyki

Ogólne statystyki
  • Ten quiz został rozwiązany 114 razy
    111 od ostatniego zresetowania
  • Średni wynik to 4 z 10
Statystyki odpowiedzi
# Populacja Miasto % Poprawnych
1. 653 664 Kopenhaga
100%
4. 120 914 Aalborg
81%
2. 290 598 Aarhus
81%
3. 182 387 Odense
70%
7. 72 261 Esbjerg
27%
9. 62 563 Randers
18%
10. 60 300 Kolding
10%
5. 104 664 Frederiksberg
5%
8. 68 775 Gladsaxe
4%
6. 75 085 Charlottenlund
2%
Nie znaleziono quizów pasujących do podanych kryteriów
Rozkład punktacji
Procent ludzi z każdym wynikiem
Percentyl według liczby udzielonych odpowiedzi
Twoja historia wyników
Nie rozwiązałeś tego quizu od ostatniego zresetowania